LEADER 01205nam a2200289 i 4500 001 000000160833 003 CaOOAMICUS 005 20240405141325.0 008 100315s1989 it u000 u ita u 013 $a138196 020 $a88-85859-47-X 040 $aSeMil$bita 245 00$aFavole della tradizione ebraica /$ca cura di Elena Loewenthal ; presentazione di Riccardo Calimani ; [trad. di E. Loewenthal]. 264 1$aMilano :$bArcana,$c1989. 300 $a274 p. ;$c23 cm. 490 1 $aParola di fiaba ;$v14 650 4$aFavole ebraiche.$0(OLS)http://semarc/subject/55441 700 1 $aCalimani, Riccardo,$d<1946- >.$0(OLS)http://semarc/name/41624 700 1 $aLoewenthal, Elena,$d<1960- >.$0(OLS)http://semarc/name/4577 830 0$aParola di fiaba ;$v14.$0(OLS)http://semarc/title/23289 850 $aSeMil 852 $aSeMil$W1$xVenegono$y1$m2X III 48$j112282$B112282$CSeMilBibl$Z2$F122482 $81 961 $aOmaggio: Altro 996 $6020$a88-85859-47-X$9(OLS)http://semarc/number/76776 996 $6245$aFavole della tradizione ebraica$9(OLS)http://semarc/title/143681 996 $6264$aMilano :$bArcana$9(OLS)http://semarc/publisher/34687 LEADER 00885nam a2200193 i 4500 001 000000044909 003 CaOOAMICUS 005 20091103000000.0 008 091103s1968 gw u000 u ger u 013 $a16079 040 $aSeMil$bita 245 10$aVon den Quellen der christlichen Offenbarung ; Von Gottes Dasein und Wesen. 260 $aMünchen [etc.] :$bF. Schöningh,$c1968. 300 $aXXV, 470 p. :$b1 ritr. ;$c24 cm. 773 0 $aSchnell, Herman <1850-1906>$tKatholische Dogmatik.$bKritische Ausgabe.$dMünchen [etc.] : F. Schöningh, 1968-1972.$gBd.1$w()22343 850 $aSeMil 852 $aSeMil$W1$xVenegono$y1$m2B V 112$j11064$B11064$CSeMilBibl$Z2$F11064 $81 996 $6245$aVon den Quellen der christlichen Offenbarung ; Von Gottes Dasein und Wesen$9(OLS)http://semarc/title/66622 996 $6260$aMünchen [etc.] :$bF. Schöningh$9(OLS)http://semarc/publisher/31674 LEADER 01025nam a2200241 i 4500 001 000000047763 003 CaOOAMICUS 005 20120906000000.0 008 120906s1984 it u000 u ita u 013 $a18933 040 $aSeMil$bita 100 1 $aMistò, Luigi,$c.$0(OLS)http://semarc/name/3941 245 10$aNuovo codice e vita pastorale :$bla celebrazione dei Sacramenti /$c[Luigi Mistò]. 260 $a[S.l. :$bs.n.],$c1984. 300 $a67 p. ;$c22 cm. 500 $aAi pie' del front. : A cura della seconda liceo, 1983-84. 650 4$aDiritto canonico - Studi.$0(OLS)http://semarc/subject/1680 650 4$aSacramenti - Diritto canonico.$0(OLS)http://semarc/subject/3661 850 $aSeMil 852 $aSeMil$W1$xVenegono$y1$m2H II 203$j13918$B13918$CSeMilBibl$Z2$F13918 $81 961 $aOmaggio: Deposito 996 $6245$aNuovo codice e vita pastorale :$bla celebrazione dei Sacramenti$9(OLS)http://semarc/title/72088 996 $6260$a[S.l. :$bs.n.]$9(OLS)http://semarc/publisher/29751